LEADER 01221nam a2200265 i 4500 001 000000048428 003 CaOOAMICUS 005 20101009000000.0 008 101009n it u000 u ita u 013 $a19598 040 $aSeMil$bita 245 13$aIl tempo dell'azione politica :$bdal centrismo al centrosinistra /$cintroduzione di G. e M. Glisenti. 300 $aX, 275 p. 490 0 $aItinerari ;$v15 650 4$aCristianesimo e politica.$0(OLS)http://semarc/subject/5911 650 4$aDemocrazia Cristiana <1943-1994>.$0(OLS)http://semarc/subject/1963 700 1 $aLazzati, Giuseppe,$d<1909-1986>.$0(OLS)http://semarc/name/41 700 1 $aGlisenti, Marcella.$0(OLS)http://semarc/name/15330 700 1 $aGlisenti, Giuseppe.$0(OLS)http://semarc/name/23988 773 0 $aLazzati, Giuseppe <1909-1986>$tPensare politicamente.$dRoma : AVE, 1988.$g1$w()1406 830 0$aItinerari ;$v15.$0(OLS)http://semarc/title/10409 850 $aSeMil 852 $aSeMil$W1$xVenegono$y1$m3J IV 274$j14583$B14583$CSeMilBibl$Z2$F14583 $Hnull $81 961 $aOmaggio: Conti Franco 996 $6245$aIl tempo dell'azione politica :$bdal centrismo al centrosinistra$9(OLS)http://semarc/title/73288 LEADER 01116nam a2200229 i 4500 001 000000172849 003 CaOOAMICUS 005 20080630000000.0 008 080630n gw u000 u ger u 013 $a150293 040 $aSeMil$bita 100 1 $aHebbel, Friedrich <1813-1863>.$0(OLS)http://semarc/name/8773 245 10$a[Genoveva ; Herodes und Marianne ; Meine Kindheit]. 260 $aLeipzig ; Wien :$bBibliographisches Institut,$c[post. 1899] 300 $a404 p. ;$c19 cm. 490 0 $aMeyers Klassiker-Ausgaben 773 0 $aHebbel, Friedrich <1813-1863>$tHebbels Werke.$bkritisch durchgesehene und erläuterte Ausgabe.$dLeipzig ; Wien : Bibliographisches Institut, [1899-1899]$kMeyers Klassiker-Ausgaben$g4$w()19701 830 0$aMeyers Klassiker-Ausgaben.$0(OLS)http://semarc/title/25924 850 $aSeMil 852 $aSeMil$W1$xVenegono$y1$mUFFICIO 04 FA$j123701$B123701$CSeMilBibl$Z2$F134804 $8I 996 $6245$a[Genoveva ; Herodes und Marianne ; Meine Kindheit]$9(OLS)http://semarc/title/247628 996 $6260$aLeipzig ; Wien :$bBibliographisches Institut$9(OLS)http://semarc/publisher/31117